Monk chasing monkey / (Record no. 10101)
[ view plain ]
| 000 -LEADER | |
|---|---|
| fixed length control field | 00542nam a2200205 4500 |
| 001 - CONTROL NUMBER | |
| control field | 2935 |
| 005 - DATE AND TIME OF LATEST TRANSACTION | |
| control field | 20241210124526.0 |
| 008 - FIXED-LENGTH DATA ELEMENTS--GENERAL INFORMATION | |
| fixed length control field | 940811s1994 th ab 000 0 eng |
| 010 ## - LIBRARY OF CONGRESS CONTROL NUMBER | |
| LC control number | 94915602 |
| 020 ## - INTERNATIONAL STANDARD BOOK NUMBER | |
| International Standard Book Number | 9789998048010 |
| 043 ## - GEOGRAPHIC AREA CODE | |
| Geographic area code | a-bt--- |
| 082 ## - DEWEY DECIMAL CLASSIFICATION NUMBER | |
| Edition number | 813.54 CHO |
| 100 0# - MAIN ENTRY--PERSONAL NAME | |
| Personal name | Choden, Kunzang. |
| 245 10 - TITLE STATEMENT | |
| Title | Monk chasing monkey / |
| Statement of responsibility, etc. | Choden, Kunzang. |
| 260 ## - PUBLICATION, DISTRIBUTION, ETC. | |
| Place of publication, distribution, etc. | Thimphu: |
| Name of publisher, distributor, etc. | Riyang Books, |
| Date of publication, distribution, etc. | 2021. |
| 300 ## - PHYSICAL DESCRIPTION | |
| Extent | 206 p. : |
| Other physical details | ill., |
| Dimensions | 24 cm. |
| 650 ## - SUBJECT ADDED ENTRY--TOPICAL TERM | |
| Topical term or geographic name entry element | Monk chasing monkey. |
| Geographic subdivision | Bhutan. |
| Topical term or geographic name entry element | Fiction |
| General subdivision | Bhutan. |
| 942 ## - ADDED ENTRY ELEMENTS (KOHA) | |
| Source of classification or shelving scheme | Dewey Decimal Classification |
| Koha item type | Fiction |
| Withdrawn status | Lost status | Source of classification or shelving scheme | Damaged status | Not for loan | Collection code | Home library | Current library | Shelving location | Date acquired | Inventory number | Total Checkouts | Full call number | Barcode | Checked out | Date last seen | Date last checked out | Price effective from | Koha item type | Total Renewals |
|---|---|---|---|---|---|---|---|---|---|---|---|---|---|---|---|---|---|---|---|
| Dewey Decimal Classification | Fiction | RTC Library | RTC Library | Fiction | 10/12/2024 | 19012 | 3 | FIC 813.54 CHO C.1 | 30020178 | 15/06/2026 | 11/03/2026 | 11/03/2026 | 10/12/2024 | Fiction | |||||
| Dewey Decimal Classification | Fiction | RTC Library | RTC Library | Fiction | 10/12/2024 | 19013 | 2 | FIC 813.54 CHO C.2 | 30020160 | 14/05/2026 | 25/11/2025 | 25/11/2025 | 10/12/2024 | Fiction | 2 | ||||
| Dewey Decimal Classification | Fiction | RTC Library | RTC Library | Fiction | 10/12/2024 | 19014 | 3 | FIC 813.54 CHO C.3 | 30020158 | 28/03/2026 | 09/03/2026 | 10/12/2024 | Fiction |